000 01281cam a2200361 a 4500
001 16074410
003 Nust- CAS-E
005 20180118181408.0
008 100129s2010 enka b 001 0 eng
010 _a 2010001887
015 _aGBA9C5413
_2bnb
016 7 _a015448432
_2Uk
020 _a9781405199834 (hbk. : alk. paper)
020 _a1405199830 (hbk. : alk. paper)
020 _a9781405199841 (pbk. : alk. paper)
020 _a1405199849 (pbk. : alk. paper)
035 _a(OCoLC)ocn468969150
040 _aDLC
_cDLC
_dYDX
_dYDXCP
_dUKM
_dCDX
_dBWX
_dDLC
050 0 0 _aHD9502.A2
_bE55112 2010
082 0 0 _a333.79
_223
_bENE 2010
245 0 4 _aThe energy reader /
_c[edited by] Laura Nader.
260 _aChichester, West Sussex, UK ;
_aMalden, MA :
_bWiley-Blackwell,
_cc2010.
300 _axxv, 548 p. :
_bill. ;
_c26 cm.
502 _a0
504 _aIncludes bibliographical references and index.
650 0 _aPower resources
_xSocial aspects.
650 0 _aEnergy consumption
_xSocial aspects.
650 0 _aEnergy conservation
_xSocial aspects.
700 1 _aNader, Laura.
906 _a7
_bcbc
_corignew
_d1
_eecip
_f20
_gy-gencatlg
942 _2ddc
_cBK
999 _c355639
_d355639